000 00794cam a2200169 4500
001 WS106662
008 000000n 000 0 eng u
035 _a(Sirsi) u106662
245 _aEnergy Efficiency Best Practice Programme (EEBPP)
520 _aWeb pages covering the government's Best Practice Programme giving details of their publications and press releases. Also links to their Information Centre which enable you to cross search the site.
650 _aENERGY EFFICIENCY
650 _aBEST PRACTICE PROGRAMME
650 _aBUILT ENVIRONMENT-BUILDING INSPECTION
690 _aENVIRONMENTAL AND LAND CONSULTANCY-ENERGY-ENERGY USE-ENERGY EFFICIENCY
856 4 0 _uhttps://www.energy-efficiency.gov.uk
_zView the website free of charge at www.energy-efficiency.gov.uk...
942 _n0
999 _c119501
_d119501